| 000 | 00500nam a22001697a 4500 | ||
|---|---|---|---|
| 999 |
_c8658 _d8658 |
||
| 008 | 201209b ||||| |||| 00| 0 eng d | ||
| 040 | _aBMS College of ARchitecture | ||
| 100 | _aIsaac, Anne Susan | ||
| 245 | _aArt and design institute | ||
| 300 | _a39p. | ||
| 500 | _a1BM12AT064 | ||
| 502 |
_8B,Arch _NBMS College of Architecture, Visvesvaraya Technological University (VTU) _aProject report _d2016 |
||
| 650 | _aInstitute | ||
| 700 |
_aMamta _eGuide |
||
| 700 |
_aRema _eGuide |
||
| 942 |
_2ddc _cTHE |
||